भारतीय अर्थतन्त्र इतिहास और संस्कृति / (Record no. 120519)

MARC details
000 -LEADER
fixed length control field 01188nam a22002657a 4500
005 - DATE AND TIME OF LATEST TRANSACTION
control field 20170124103159.0
010 ## - LIBRARY OF CONGRESS CONTROL NUMBER
LC control number B-175282
020 ## - INTERNATIONAL STANDARD BOOK NUMBER
Terms of availability 500.00
International Standard Book Number 9788170286387
035 ## - SYSTEM CONTROL NUMBER
System control number B-175282
037 ## - SOURCE OF ACQUISITION
Source of stock number/acquisition Cen Lib/Ret
040 ## - CATALOGING SOURCE
Original cataloging agency DPL
Language of cataloging HN
082 ## - DEWEY DECIMAL CLASSIFICATION NUMBER
Classification number 330.954
Item number अमर्त्य
100 ## - MAIN ENTRY--PERSONAL NAME
Personal name अमर्त्य सेन
9 (RLIN) 90839
245 ## - TITLE STATEMENT
Title भारतीय अर्थतन्त्र इतिहास और संस्कृति /
Statement of responsibility, etc अमर्त्य सेन
246 ## - VARYING FORM OF TITLE
Title proper/short title Bhartiya arthtantr itihas aur sanskriti /
Remainder of title by Amratya Sen
260 ## - PUBLICATION, DISTRIBUTION, ETC. (IMPRINT)
Place of publication, distribution, etc दिल्ली
Name of publisher, distributor, etc राजपाल एंड संस
Date of publication, distribution, etc 2006
270 ## - ADDRESS
City दिल्ली
Postal code 110006
Address कश्मीरी गेट
300 ## - PHYSICAL DESCRIPTION
Extent xii,326पृ.
Dimensions 20सेमी(सजिल्द )
500 ## - GENERAL NOTE
General note अनुक्रमाणिका शामिल
650 ## - SUBJECT ADDED ENTRY--TOPICAL TERM
Topical term or geographic name as entry element अर्थतंत्र--भारत
General subdivision
Geographic subdivision
9 (RLIN) 90840
650 ## - SUBJECT ADDED ENTRY--TOPICAL TERM
Topical term or geographic name as entry element अर्थतंत्र--संस्कृति--भारत
9 (RLIN) 80133
650 ## - SUBJECT ADDED ENTRY--TOPICAL TERM
Topical term or geographic name as entry element Economy - India
9 (RLIN) 90841
650 ## - SUBJECT ADDED ENTRY--TOPICAL TERM
Topical term or geographic name as entry element Economy - Culture - India
9 (RLIN) 90842
942 ## - ADDED ENTRY ELEMENTS (KOHA)
Source of classification or shelving scheme Dewey Decimal Classification
Koha item type Hindi Books
Classification part 330.954
Call number suffix अमर्त्य
Holdings
Withdrawn status Lost status Damaged status Not for loan Home library Current library Date acquired Source of acquisition Cost, normal purchase price Total Checkouts Full call number Barcode Date last seen Date checked out Copy number Cost, replacement price Price effective from Koha item type
        Central Library Central Library 23/09/2015 Cen Lib/Ref 500.00 11 330.954 अमर्त्य B-175282 15/04/2024 30/03/2024 1 500.00 23/09/2015 Hindi Books

© Delhi Public Library
Hit Counter
free hit counter